000 00700nam a22002417a 4500
003 KOHA_MİRAKIL
005 20260408093635.0
008 260408b tu ||||| |||| 00| 0 tur d
020 _a9786259848587
040 _aTR-AnABB
_btur
_cTR-AnABB
041 _atur
082 _a818.4209
_bMAR 2025
100 1 _aMaruflu, Selçuk
245 1 0 _aHayat damlaları /
_cSelçuk Maruflu
250 _a1. baskı
260 _aİstanbul :
_bAtaç yayınları,
_c2025
300 _a871 sayfa ;
_c20 cm
500 _aYazar tarafından imzalı
650 0 4 _aTürk edebiyatı, çeşitli eserler
650 0 4 _aTürk edebiyatı, anı
900 _bCan ÇELIK
942 _2ddc
_cBK
999 _c10182
_d10182